ბათუმის შოთა რუსთაველის სახელმწიფო უნივერსიტეტის ბიბლიოთეკა

დიდი პიტიუნტი : (ბიბ.ჩანაწერი № 60783)

000 -LEADER
fixed length control field 02189nam a22002417a 4500
005 - DATE AND TIME OF LATEST TRANSACTION
control field 20231020153317.0
008 - FIXED-LENGTH DATA ELEMENTS--GENERAL INFORMATION
fixed length control field 231020s1978 ru ||||| |||| 00| 0 rus d
041 ## - LANGUAGE CODE
Language code of text/sound track or separate title rus
080 ## - UNIVERSAL DECIMAL CLASSIFICATION NUMBER
Universal Decimal Classification number 902.2(479.224) დ-45
245 ## - TITLE STATEMENT
Title დიდი პიტიუნტი :
Remainder of title არქეოლოგიური გათხრები ბიჭვინთაში. [წიგნი] 3 /
Statement of responsibility, etc. საქართველოს სსრ მეცნიერებათა აკადემია, ივ. ჯავახიშვილის სახ. ისტორიის, არქეოლოგიისა და ეთნოგრაფიის ინსტუიტუტი, არქეოლოგიური კომისია ; რედაქტორი ანდრია აფაქიძე.
264 ## - PRODUCTION, PUBLICATION, DISTRIBUTION, MANUFACTURE, AND COPYRIGHT NOTICE
Place of production, publication, distribution, manufacture თბილისი :
Name of producer, publisher, distributor, manufacturer მეცნიერება,
Date of production, publication, distribution, manufacture, or copyright notice 1978.
300 ## - PHYSICAL DESCRIPTION
Extent 278 გვ. :
Other physical details ილ.;
Dimensions 30 სმ.
521 ## - TARGET AUDIENCE NOTE
Target audience note 3 სტატია რუსულ ენაზე.
Source დამატებითი თავფურცელი რუსულ, ბერძნულ და ინგლისურ ენებზე
522 ## - GEOGRAPHIC COVERAGE NOTE
Geographic coverage note რეზიუმე რუსულ და ინგლისურ ენებზე.
653 ## - INDEX TERM--UNCONTROLLED
keyword არქეოლოგიური გათხრები აფხაზეთში
700 ## - ADDED ENTRY--PERSONAL NAME
Personal name აფაქიძე, ანდრია
Relator term ავტორი,რედაქტორი.
9 (RLIN) 5454
700 ## - ADDED ENTRY--PERSONAL NAME
Personal name მაცულევიჩი, ლეონიდ
Relator term ავტორი
9 (RLIN) 20167
700 ## - ADDED ENTRY--PERSONAL NAME
Personal name შერვაშიძე, ლეონიდ
Relator term ავტორი
9 (RLIN) 20168
700 ## - ADDED ENTRY--PERSONAL NAME
Personal name ჭყონია, ანა
Relator term ავტორი
9 (RLIN) 20169
700 ## - ADDED ENTRY--PERSONAL NAME
Personal name ყაუხჩიშვილი, თინათინ
Relator term ავტორი
9 (RLIN) 17888
710 ## - ADDED ENTRY--CORPORATE NAME
Corporate name or jurisdiction name as entry element საქართველოს სსრ მეცნიერებათა აკადემია.
Date of meeting or treaty signing ისტორიის, არქეოლოგიისა და ეთნოგრაფიის ინსტიტუტი. არქეოლოგიური კომისია.
9 (RLIN) 20170
942 ## - ADDED ENTRY ELEMENTS (KOHA)
Source of classification or shelving scheme
Koha item type წიგნი
ეგზემპლარები
Withdrawn status Lost status Source of classification or shelving scheme Damaged status Not for loan Permanent Location Current Location Shelving location Date acquired Cost, normal purchase price Full call number Barcode Date last seen Copy number Uniform Resource Identifier Price effective from Koha item type Public note
          ბათუმის შოთა რუსთაველის სახელმწიფო უნივერსიტეტის მთავარი ბიბლიოთეკა ბათუმის შოთა რუსთაველის სახელმწიფო უნივერსიტეტის მთავარი ბიბლიოთეკა წიგნსაცავი 2023-10-20 20.00 902.2(479.224) დ-45 65367 2023-10-20 65367 ბსუ-ს საპატიო დოქტორის გურამ ლორთქიფანიძის საჩუქარი 2023-10-20 წიგნი 20 ლ.